000 00277 a2200133 4500
001 156053
040 _cEscola São Tomás de Aquino
100 _aFURNARI, Eva
240 1 0 _aTartufo
_lpor
245 1 0 _aTartufo
300 _a30
697 _a*LITERATURA INFANTO
942 _cBK
999 _c156053
_d156053